000 00267nam a22001097a 4500
008 230704b xxu||||| |||| 00| 0 eng d
082 _a361.9
_bPEO 1971
245 _aPeople Helping People
260 _bU.S News & World Report
_c1971
300 _a235p
942 _2ddc
_cBK
999 _c3954
_d3954